000 00740cam a2200145 4500500
005 20260208020527.0
041 _afre
042 _adc
100 1 0 _aGabaude, Jean-Marc
_eauthor
245 0 0 _aSalomon Maïmon, Commentaires de Maïmonide, préface de Jean Jolivet, textes édités, traduits de l’allemand et de l’hébreu avec une introduction et des notes par Maurice-Ruben Hayoun, Paris, Les Éditions du Cerf, 1999, coll. « Passages », VI + 334 p. Bibliographie.
260 _c2002.
500 _a37
786 0 _nRevue philosophique de la France et de l'étranger | 127 | 4 | 2002-12-01 | p. 433zj-502zj | 0035-3833
856 4 1 _uhttps://shs.cairn.info/revue-philosophique-2002-4-page-433zj?lang=fr&redirect-ssocas=7080
999 _c1661005
_d1661005